[Event "HUN-chT2 Asztalos 1819"]
[Site "Hungary"]
[Date "2019.02.10"]
[Round "5.10"]
[White "Figler, Janos"]
[Black "Konyves, Almos"]
[Result "1-0"]
[WhiteElo "2001"]
[BlackElo "1927"]
[PlyCount "109"]
[EventDate "2018.10.28"]
[EventType "team-tourn"]
[EventRounds "9"]
[EventCountry "HUN"]
[SourceTitle "CBM 189 Extra"]
[Source "ChessBase"]
[SourceDate "2019.06.03"]
[SourceVersion "1"]
[SourceVersionDate "2019.06.03"]
[SourceQuality "1"]
[WhiteTeam "Decs 1990"]
[BlackTeam "Baja Spartacus"]
[WhiteTeamCountry "HUN"]
[BlackTeamCountry "HUN"]

1. e4 e5 2. Nf3 Nc6 3. Bb5 a6 4. Bxc6 dxc6 5. d4 exd4 6. Qxd4 Qxd4 7. Nxd4 Bd7 8. 0-0 0-0-0 9. Be3 Nf6 10. f3 Bc5 11. Bf2 Rhe8 12. Nb3 Bxf2+ 13. Kxf2 Be6 14. N1d2 c5 15. Rfd1 b6 16. Nf1 a5 17. Rxd8+ Rxd8 18. Nbd2 Nd7 19. b3 Nb8 20. Rd1 Nc6 21. Ne3 f6 22. a4 Ne5 23. Ndf1 Rxd1 24. Nxd1 c4 25. bxc4 Nxc4 26. Nfe3 c6 27. Nxc4 Bxc4 28. Nb2 Be6 29. Ke3 Kd7 30. c4 Kd6 31. Kd4 Bc8 32. h4 g6 33. f4 Bb7 34. Nd3 Ke6 35. g4 c5+ 36. Ke3 Bc6 37. Nb2 f5 38. exf5+ gxf5 39. g5 Kf7 40. h5 Kg7 41. h6+ Kg6 42. Kd3 Be4+ 43. Kc3 Bf3 44. Nd3 Bd1 45. Ne5+ Kh5 46. Nd7 Bxa4 47. Nxb6 Be8 48. Nd5 Kh4 49. Ne7 Kh5 50. Nxf5 Kg6 51. Nd6 Bd7 52. Nb7 Kf5 53. Nxc5 Be8 54. Nd3 Ke4 55. c5 1-0

[Event "HUN-chT2 Asztalos 1819"]
[Site "Hungary"]
[Date "2019.01.27"]
[Round "4.9"]
[White "Figler, Janos"]
[Black "Biro, Tamas"]
[Result "0-1"]
[WhiteElo "2001"]
[BlackElo "1840"]
[PlyCount "49"]
[EventDate "2018.10.28"]
[EventType "team-tourn"]
[EventRounds "9"]
[EventCountry "HUN"]
[SourceTitle "CBM 189 Extra"]
[Source "ChessBase"]
[SourceDate "2019.06.03"]
[SourceVersion "1"]
[SourceVersionDate "2019.06.03"]
[SourceQuality "1"]
[WhiteTeam "Decs 1990"]
[BlackTeam "Kaposvar Bastya"]
[WhiteTeamCountry "HUN"]
[BlackTeamCountry "HUN"]

1. e4 e5 2. Nf3 Nc6 3. Bc4 Bc5 4. b4 Bxb4 5. c3 Ba5 6. Qb3 Qf6 7. d4 exd4 8. 0-0 Bxc3 9. Nxc3 dxc3 10. e5 Qg6 11. Qxc3 Nge7 12. Ng5 Nd8 13. Qf3 Ne6 14. Nh3 0-0 15. Bd3 f5 16. exf6 Qxf6 17. Qe4 Ng6 18. Ba3 d6 19. Rae1 Kh8 20. Bb1 Nd4 21. Re3 Bf5 22. Qd5 Bxb1 23. Rxb1 Nf5 24. Nf4 Nxf4 25. Kh1 0-1

[Event "HUN-chT2 Asztalos 1819"]
[Site "Hungary"]
[Date "2018.11.18"]
[Round "2.9"]
[White "Figler, Janos"]
[Black "Koncsag, Sandor"]
[Result "1-0"]
[WhiteElo "2001"]
[BlackElo "1821"]
[PlyCount "95"]
[EventDate "2018.10.28"]
[EventType "team-tourn"]
[EventRounds "9"]
[EventCountry "HUN"]
[SourceTitle "CBM 189 Extra"]
[Source "ChessBase"]
[SourceDate "2019.06.03"]
[SourceVersion "1"]
[SourceVersionDate "2019.06.03"]
[SourceQuality "1"]
[WhiteTeam "Decs 1990"]
[BlackTeam "Komlo"]
[WhiteTeamCountry "HUN"]
[BlackTeamCountry "HUN"]

1. e4 c6 2. d4 d5 3. Nc3 dxe4 4. Nxe4 Nf6 5. Nxf6+ exf6 6. Nf3 Bd6 7. Bd3 Qc7 8. h3 0-0 9. 0-0 Re8 10. Re1 Re7 11. c3 Nd7 12. Rxe7 Bxe7 13. Qc2 Nf8 14. Bd2 Bd7 15. Re1 Re8 16. Nh4 Bd6 17. Rxe8 Bxe8 18. Nf5 Ng6 19. Nxd6 Qxd6 20. Qc1 Qe6 21. Qe1 Qxe1+ 22. Bxe1 Bd7 23. Bd2 Ne7 24. Kf1 f5 25. Bf4 Nd5 26. Bd6 Nf6 27. Bb8 a6 28. Ke1 Be6 29. a3 Nd7 30. Bc7 g6 31. Kd2 Kg7 32. b4 Kf6 33. Bd8+ Kg7 34. c4 Nf6 35. f3 h5 36. h4 b5 37. Kc3 bxc4 38. Bxf6+ Kxf6 39. Bxc4 Bc8 40. f4 Ke7 41. Kb3 Be6 42. Bxe6 fxe6 43. Kc4 Kd6 44. g3 Kd7 45. Kc5 Kc7 46. a4 Kb7 47. Kd6 Kb6 48. Kd7 1-0

[Event "HUN-chT2 Asztalos 1617"]
[Site "Hungary"]
[Date "2017.04.09"]
[Round "11.6"]
[White "Figler, Janos"]
[Black "Katona, Ferenc Jr"]
[Result "1/2-1/2"]
[WhiteElo "2041"]
[BlackElo "1954"]
[PlyCount "148"]
[EventDate "2016.09.25"]
[EventType "team-tourn"]
[EventRounds "11"]
[EventCountry "HUN"]
[SourceTitle "EXT 2021"]
[Source "ChessBase"]
[SourceDate "2020.10.23"]
[SourceVersion "1"]
[SourceVersionDate "2020.10.23"]
[SourceQuality "1"]
[WhiteTeam "Decs 1990 II"]
[BlackTeam "Kiraly Sakk"]
[WhiteTeamCountry "HUN"]
[BlackTeamCountry "HUN"]

1. e4 d5 2. exd5 Qxd5 3. Nc3 Qa5 4. Nf3 Nf6 5. Be2 Bg4 6. 0-0 e6 7. d4 Bd6 8. Ne5 Bxe2 9. Qxe2 Bxe5 10. dxe5 Nd5 11. Nxd5 Qxd5 12. Rd1 Qc6 13. Bg5 Nd7 14. Rd2 0-0 15. Rad1 Nxe5 16. Qxe5 f6 17. Qe3 fxg5 18. Qxg5 Rf5 19. Rd8+ Rxd8 20. Qxd8+ Rf8 21. Qd2 Qc5 22. Re1 Rf6 23. Re3 e5 24. Qe2 Qd4 25. Rxe5 Rxf2 26. Re8+ Rf8+ 27. Kh1 Qf6 28. h3 h6 29. Qc4+ Qf7 30. Rxf8+ Kxf8 31. Qc5+ Ke8 32. Qxa7 Qf1+ 33. Qg1 Qe2 34. Qd4 g5 35. Qh8+ Kd7 36. Qg7+ Kc8 37. Qg8+ Kd7 38. Qh7+ Kc8 39. Qf5+ Kb8 40. Kh2 Ka7 41. Kg3 Qe3+ 42. Kh2 Qe2 43. b3 Kb8 44. Kg3 Qe1+ 45. Qf2 Qe4 46. Kh2 Ka8 47. c3 Qe5+ 48. Qg3 Qe2 49. Qxc7 Qxa2 50. Qd8+ Ka7 51. Qd4+ Kb8 52. b4 Qe2 53. c4 Qe6 54. c5 Kc7 55. Kg3 Qe1+ 56. Kf3 Qf1+ 57. Qf2 Qd3+ 58. Kg4 Qd1+ 59. Kf5 Qb1+ 60. Kf6 Qxb4 61. Kg6 Kc6 62. Kxh6 Qh4+ 63. Qxh4 gxh4 64. Kg5 Kxc5 65. Kxh4 b5 66. g4 b4 67. g5 b3 68. g6 b2 69. g7 b1Q 70. g8Q Kd6 71. Qf8+ Ke6 72. Qf3 Qh7+ 73. Qh5 Qxh5+ 74. Kxh5 Kf7 1/2-1/2

[Event "HUN-chT2 Asztalos 1617"]
[Site "Hungary"]
[Date "2017.03.12"]
[Round "10.3"]
[White "Figler, Janos"]
[Black "Toth, David"]
[Result "0-1"]
[WhiteElo "2041"]
[BlackElo "1972"]
[PlyCount "68"]
[EventDate "2016.09.25"]
[EventType "team-tourn"]
[EventRounds "11"]
[EventCountry "HUN"]
[SourceTitle "EXT 2021"]
[Source "ChessBase"]
[SourceDate "2020.10.23"]
[SourceVersion "1"]
[SourceVersionDate "2020.10.23"]
[SourceQuality "1"]
[WhiteTeam "Decs 1990 II"]
[BlackTeam "Pecs Karmin"]
[WhiteTeamCountry "HUN"]
[BlackTeamCountry "HUN"]

1. d4 Nf6 2. c4 g6 3. Nc3 Bg7 4. e4 d6 5. Nf3 0-0 6. Bd3 Nbd7 7. 0-0 e5 8. d5 a5 9. Ne1 Nc5 10. f3 Ne8 11. Be3 b6 12. a3 f5 13. b4 Nxd3 14. Nxd3 f4 15. Bf2 g5 16. c5 bxc5 17. bxc5 h5 18. cxd6 cxd6 19. Na4 Rb8 20. Rb1 Rxb1 21. Qxb1 g4 22. Kh1 Qg5 23. Qe1 Bf6 24. Rg1 Rf7 25. g3 Bd8 26. Qc3 fxg3 27. Rxg3 Bd7 28. fxg4 h4 29. Rg1 Bxa4 30. Qe1 Bb5 31. Be3 Qf6 32. Nf4 exf4 33. g5 Qg6 34. Bd4 Bd3 0-1

[Event "HUN-chT2 Asztalos 1617"]
[Site "Hungary"]
[Date "2017.02.12"]
[Round "8.5"]
[White "Figler, Janos"]
[Black "Bator, Balazs"]
[Result "0-1"]
[WhiteElo "2041"]
[BlackElo "1987"]
[PlyCount "44"]
[EventDate "2016.09.25"]
[EventType "team-tourn"]
[EventRounds "11"]
[EventCountry "HUN"]
[SourceTitle "EXT 2021"]
[Source "ChessBase"]
[SourceDate "2020.10.23"]
[SourceVersion "1"]
[SourceVersionDate "2020.10.23"]
[SourceQuality "1"]
[WhiteTeam "Decs 1990 II"]
[BlackTeam "Komlo Banyasz II"]
[WhiteTeamCountry "HUN"]
[BlackTeamCountry "HUN"]

1. e4 c5 2. f4 Nc6 3. Nc3 d6 4. Nf3 g6 5. Bc4 Bg7 6. 0-0 a6 7. a4 e6 8. d3 Nge7 9. Ba2 Bd7 10. Be3 Nd4 11. e5 Nef5 12. Bxd4 cxd4 13. Ne4 d5 14. Nd6+ Nxd6 15. exd6 Qb6 16. Bxd5 exd5 17. Qe2+ Be6 18. f5 gxf5 19. Ng5 Qxd6 20. Rxf5 0-0 21. Rf6 Bxf6 22. Qh5 Bf5 0-1

[Event "HUN-chT2 Asztalos 1617"]
[Site "Hungary"]
[Date "2017.01.29"]
[Round "7.6"]
[White "Figler, Janos"]
[Black "Forgacs, Attila"]
[Result "0-1"]
[WhiteElo "2041"]
[BlackElo "2112"]
[PlyCount "70"]
[EventDate "2016.09.25"]
[EventType "team-tourn"]
[EventRounds "11"]
[EventCountry "HUN"]
[SourceTitle "EXT 2021"]
[Source "ChessBase"]
[SourceDate "2020.10.23"]
[SourceVersion "1"]
[SourceVersionDate "2020.10.23"]
[SourceQuality "1"]
[WhiteTeam "Decs 1990 II"]
[BlackTeam "Balatonfuered"]
[WhiteTeamCountry "HUN"]
[BlackTeamCountry "HUN"]

1. e4 c5 2. c4 Nc6 3. Nc3 d6 4. g3 g6 5. Bg2 Bg7 6. Nge2 e6 7. d3 Nge7 8. 0-0 0-0 9. f4 Rb8 10. h3 a6 11. a4 Nd4 12. Nxd4 Bxd4+ 13. Kh2 f5 14. Qe1 Nc6 15. exf5 gxf5 16. Bxc6 bxc6 17. Rb1 Rf7 18. Be3 Rfb7 19. Bxd4 cxd4 20. Nd1 c5 21. Rg1 Qf6 22. g4 fxg4 23. Rxg4+ Rg7 24. Qg3 Rxg4 25. hxg4 Rb3 26. Nf2 Bb7 27. Kg1 d5 28. f5 e5 29. cxd5 Bxd5 30. Qh2 c4 31. Ne4 Bxe4 32. dxe4 Qg5 33. Qg2 Qe3+ 34. Qf2 Qxe4 35. Re1 Qxg4+ 0-1

[Event "HUN-chT2 Asztalos 1617"]
[Site "Hungary"]
[Date "2016.12.11"]
[Round "6.4"]
[White "Nemeth, Antal"]
[Black "Figler, Janos"]
[Result "1/2-1/2"]
[WhiteElo "2269"]
[BlackElo "2041"]
[PlyCount "57"]
[EventDate "2016.09.25"]
[EventType "team-tourn"]
[EventRounds "11"]
[EventCountry "HUN"]
[SourceTitle "EXT 2021"]
[Source "ChessBase"]
[SourceDate "2020.10.23"]
[SourceVersion "1"]
[SourceVersionDate "2020.10.23"]
[SourceQuality "1"]
[WhiteTeam "Baja"]
[BlackTeam "Decs 1990 II"]
[WhiteTeamCountry "HUN"]
[BlackTeamCountry "HUN"]

1. Nf3 c5 2. g3 Nc6 3. Bg2 g6 4. d4 cxd4 5. Nxd4 Bg7 6. Nxc6 bxc6 7. 0-0 Qb6 8. Nd2 Ba6 9. Nb3 Nf6 10. Re1 d6 11. Bd2 Rc8 12. Bh3 Ra8 13. Ba5 Qb8 14. e4 0-0 15. Qd2 Bc8 16. Bg2 Bb7 17. f4 c5 18. Bc3 Nd7 19. Bxg7 Kxg7 20. Na5 Nb6 21. Nxb7 Qxb7 22. Rad1 Rad8 23. e5 Qc7 24. exd6 Rxd6 25. Qc3+ Kg8 26. Rxd6 Qxd6 27. Qe5 Rd8 28. Qxe7 Qd4+ 29. Qe3 1/2-1/2

[Event "HUN-chT2 Asztalos 1617"]
[Site "Hungary"]
[Date "2016.10.09"]
[Round "2.7"]
[White "Figler, Janos"]
[Black "Csordas, Peter"]
[Result "1-0"]
[WhiteElo "2041"]
[BlackElo "1707"]
[PlyCount "63"]
[EventDate "2016.09.25"]
[EventType "team-tourn"]
[EventRounds "11"]
[EventCountry "HUN"]
[SourceTitle "EXT 2021"]
[Source "ChessBase"]
[SourceDate "2020.10.23"]
[SourceVersion "1"]
[SourceVersionDate "2020.10.23"]
[SourceQuality "1"]
[WhiteTeam "Decs 1990 II"]
[BlackTeam "Sarosd"]
[WhiteTeamCountry "HUN"]
[BlackTeamCountry "HUN"]

1. e4 c5 2. c4 e6 3. Nc3 a6 4. g3 Qc7 5. Bg2 d6 6. d3 Nf6 7. Nge2 Nc6 8. 0-0 Be7 9. h3 b6 10. a3 Bb7 11. Rb1 Rd8 12. f4 g6 13. g4 h6 14. Ng3 Nd4 15. Nge2 Nxe2+ 16. Qxe2 Nh7 17. f5 gxf5 18. gxf5 Nf6 19. fxe6 fxe6 20. Bf4 Kd7 21. Kh2 Rdg8 22. Rf2 h5 23. e5 Rxg2+ 24. Rxg2 Bxg2 25. exf6 Bxh3 26. Kxh3 Bxf6 27. Ne4 Be7 28. Rg1 Kc8 29. Rg7 Qd8 30. Nxd6+ Kd7 31. Nf7 Qf8 32. Qe5 1-0

[Event "HUN-chT2 Asztalos 1516"]
[Site "Hungary"]
[Date "2016.04.17"]
[Round "11.6"]
[White "Szabo, Zoltan"]
[Black "Figler, Janos"]
[Result "1/2-1/2"]
[WhiteElo "1842"]
[BlackElo "2042"]
[PlyCount "151"]
[EventDate "2015.09.13"]
[EventType "team-tourn"]
[EventRounds "11"]
[EventCountry "HUN"]
[SourceTitle "EXT 2017"]
[Source "ChessBase"]
[SourceDate "2016.10.25"]
[SourceVersion "1"]
[SourceVersionDate "2016.10.25"]
[SourceQuality "1"]
[WhiteTeam "Pet"]
[BlackTeam "Decs 1990 II"]
[WhiteTeamCountry "HUN"]
[BlackTeamCountry "HUN"]

1. d4 Nf6 2. c4 g6 3. Nc3 Bg7 4. e4 d6 5. Bd3 0-0 6. Nge2 Nc6 7. 0-0 e5 8. d5 Ne7 9. b4 Nd7 10. Be3 f5 11. f3 f4 12. Bf2 g5 13. Kh1 Rf6 14. Ng1 Rh6 15. h3 Nf6 16. Be2 Bd7 17. Re1 Qc8 18. Bf1 g4 19. fxg4 Bxg4 20. Qd3 Ng6 21. Kh2 Bd7 22. Nd1 f3 23. g3 Ng4+ 24. Kh1 Ba4 25. Qxf3 Qd7 26. Kg2 Bxd1 27. Raxd1 Nxf2 28. Qxf2 Rf8 29. Qe3 Rh5 30. Re2 Bh6 31. Qb3 Qg7 32. Kh1 Kh8 33. Qc2 Qf6 34. Bg2 Qg5 35. Qd3 Qg4 36. Rdd2 Bxd2 37. Rxd2 Qg5 38. Kh2 Qf6 39. c5 Ne7 40. a3 Rg5 41. Qe3 b6 42. Nf3 Rg7 43. Nh4 Qg5 44. Qxg5 Rxg5 45. c6 Rfg8 46. Rd3 Ng6 47. Nxg6+ R5xg6 48. a4 Rf6 49. Bf3 Rgf8 50. Kg2 Kg7 51. Ra3 Kh6 52. Rb3 a6 53. Ra3 Kg6 54. Rb3 Kg5 55. Ra3 Rh6 56. Rb3 Rg8 57. Ra3 Kf6 58. Rb3 Ke7 59. Be2 Rh4 60. Re3 a5 61. b5 Rf4 62. Bf3 Rg5 63. Kf2 Rf8 64. Kg2 Rh8 65. Rd3 h5 66. Rc3 h4 67. g4 Rf8 68. Rd3 Rf4 69. Rc3 Rg8 70. Rd3 Kf6 71. Rc3 Kg5 72. Rd3 Rf6 73. Rc3 Kf4 74. Rb3 Rgf8 75. Rc3 Kg5 76. Rb3 1/2-1/2

[Event "HUN-chT2 Asztalos 1516"]
[Site "Hungary"]
[Date "2015.12.06"]
[Round "6.5"]
[White "Szotak, Laszlo"]
[Black "Figler, Janos"]
[Result "0-1"]
[WhiteElo "1935"]
[BlackElo "2042"]
[PlyCount "62"]
[EventDate "2015.09.13"]
[EventType "team-tourn"]
[EventRounds "11"]
[EventCountry "HUN"]
[SourceTitle "CBM 170 Extra"]
[Source "ChessBase"]
[SourceDate "2016.02.25"]
[SourceVersion "1"]
[SourceVersionDate "2016.02.25"]
[SourceQuality "1"]
[WhiteTeam "Kaposvar Bastya"]
[BlackTeam "Decs 1990 II"]
[WhiteTeamCountry "HUN"]
[BlackTeamCountry "HUN"]

1. e4 d6 2. d4 Nf6 3. Nd2 g6 4. c3 Bg7 5. Ngf3 0-0 6. Bd3 Nbd7 7. 0-0 e5 8. Re1 Qe7 9. Bf1 b6 10. a4 a5 11. d5 Nh5 12. Qc2 Qd8 13. b4 f5 14. exf5 gxf5 15. Be2 Nf4 16. Bf1 axb4 17. Nb3 Nxd5 18. Bc4 N7f6 19. cxb4 Kh8 20. Bxd5 Nxd5 21. Qc4 Bb7 22. Ng5 Qf6 23. Ra2 Bh6 24. h4 f4 25. Nf3 Rg8 26. Kh2 Rg4 27. Nbd2 Rag8 28. Ne4 Rxg2+ 29. Kh1 Qf5 30. Neg5 R8xg5 31. Nxg5 Rxg5 0-1

[Event "HUN-chT2 Asztalos 1415"]
[Site "Hungary"]
[Date "2015.02.25"]
[Round "5.7"]
[White "Figler, Janos"]
[Black "Jager, Laszlo"]
[Result "1-0"]
[WhiteElo "2036"]
[BlackElo "1882"]
[PlyCount "111"]
[EventDate "2014.10.12"]
[EventType "team-tourn"]
[EventRounds "9"]
[EventCountry "HUN"]
[SourceTitle "EXT 2016"]
[Source "ChessBase"]
[SourceDate "2015.10.08"]
[SourceVersion "1"]
[SourceVersionDate "2015.10.08"]
[SourceQuality "1"]
[WhiteTeam "Decs II"]
[BlackTeam "Baja Spartacus"]
[WhiteTeamCountry "HUN"]
[BlackTeamCountry "HUN"]

1. e4 d6 2. d4 g6 3. c4 Bg7 4. Nf3 Nf6 5. Nc3 0-0 6. Be2 Nbd7 7. 0-0 c5 8. d5 a6 9. Bf4 Nh5 10. Be3 Nhf6 11. Qd2 Ne8 12. Bh6 f6 13. Bxg7 Kxg7 14. Nh4 Ne5 15. f4 Nf7 16. f5 g5 17. Nf3 Ne5 18. Nxe5 dxe5 19. h4 h6 20. hxg5 hxg5 21. Kf2 Rh8 22. Rh1 Nd6 23. b3 Bd7 24. Qe3 Qc7 25. Rh5 Rxh5 26. Bxh5 Rh8 27. Rh1 Be8 28. g4 Qa5 29. Kf3 Qa3 30. Qe1 Qb4 31. Qe3 Qa3 32. Qe1 Qb4 33. Qc1 b5 34. cxb5 axb5 35. Qe3 Qa3 36. Qd2 Qb4 37. Qe3 Qa3 38. Rh2 Qb4 39. Qc1 Qa5 40. Qc2 Qb6 41. Bxe8 Rxh2 42. Qxh2 Nxe8 43. Qc2 Nd6 44. a4 b4 45. Nd1 c4 46. bxc4 Qc5 47. Nb2 Qd4 48. c5 Nxe4 49. Qxe4 Qxb2 50. c6 Qa3+ 51. Qe3 Qxa4 52. Qc5 e4+ 53. Ke2 Kf7 54. c7 Qa6+ 55. Kd2 Qc8 56. Qc6 1-0

[Event "HUN-chT2 Asztalos 1415"]
[Site "Hungary"]
[Date "2014.11.30"]
[Round "3"]
[White "Nogradi, Gabor"]
[Black "Figler, Janos"]
[Result "0-1"]
[WhiteElo "2015"]
[BlackElo "2036"]
[PlyCount "74"]
[EventDate "2014.10.12"]
[EventType "team-tourn"]
[EventRounds "9"]
[EventCountry "HUN"]
[SourceTitle "EXT 2016"]
[Source "ChessBase"]
[SourceDate "2015.10.08"]
[SourceVersion "1"]
[SourceVersionDate "2015.10.08"]
[SourceQuality "1"]
[WhiteTeam "Pecs Karmin"]
[BlackTeam "Decs II"]
[WhiteTeamCountry "HUN"]
[BlackTeamCountry "HUN"]

1. Nf3 Nf6 2. c4 g6 3. Nc3 d6 4. d4 Bg7 5. g3 0-0 6. Bg2 Nc6 7. 0-0 e5 8. d5 Ne7 9. Nd2 Ne8 10. e4 f5 11. f3 f4 12. g4 Bf6 13. Kf2 h5 14. h3 hxg4 15. hxg4 Bh4+ 16. Ke2 Nf6 17. Kd3 c6 18. Kc2 cxd5 19. cxd5 b5 20. Rh1 g5 21. Nxb5 Ba6 22. Nc3 Qb6 23. Bf1 Rfc8 24. Bxa6 Qxa6 25. Qf1 Qa4+ 26. Kb1 Qa5 27. Qb5 Qc7 28. Qd3 Rab8 29. Nb3 Nd7 30. Bd2 Nc5 31. Nxc5 Qxc5 32. Rc1 Rxb2+ 33. Kxb2 Qb4+ 34. Kc2 Qa4+ 35. Kb2 Rb8+ 36. Nb5 Rxb5+ 37. Kc3 Qa3+ 0-1

[Event "HUN-chT2 Asztalos 1112"]
[Site "Hungary"]
[Date "2012.03.11"]
[Round "7.5"]
[White "Figler, Janos"]
[Black "Varga, Zsolt"]
[Result "1-0"]
[WhiteElo "1995"]
[BlackElo "2124"]
[PlyCount "131"]
[EventDate "2011.09.25"]
[EventType "team-tourn"]
[EventRounds "11"]
[EventCountry "HUN"]
[SourceTitle "EXT 2013"]
[Source "ChessBase"]
[SourceDate "2012.11.22"]
[SourceVersion "1"]
[SourceVersionDate "2012.11.22"]
[SourceQuality "1"]
[WhiteTeam "Dombovar"]
[BlackTeam "Pecs Karmin"]
[WhiteTeamCountry "HUN"]
[BlackTeamCountry "HUN"]

1. e4 c5 2. Nf3 d6 3. d4 cxd4 4. Nxd4 Nc6 5. Be3 Nf6 6. Nc3 a6 7. Nxc6 bxc6 8. Be2 e6 9. e5 Nd5 10. Nxd5 exd5 11. exd6 Bxd6 12. 0-0 0-0 13. c4 Be6 14. cxd5 Bxd5 15. Bf3 Be5 16. Bxd5 Qxd5 17. Qc2 Rab8 18. Rfd1 Qe6 19. Bd4 Bxd4 20. Rxd4 Rfe8 21. h3 Qf6 22. Rd2 g6 23. Rad1 Re6 24. b3 Rbe8 25. Qd3 h5 26. Kf1 Qe5 27. g3 h4 28. Kg2 Qg5 29. Qf3 hxg3 30. Qxg3 Qf6 31. Rd6 Kg7 32. R6d3 Re5 33. Rf3 Qe7 34. Rd4 Rg5 35. Rg4 Rxg4 36. hxg4 Qc5 37. Qf4 Qd5 38. Qf6+ Kg8 39. Kg3 Qe5+ 40. Qxe5 Rxe5 41. Rc3 Re2 42. a4 Rb2 43. Rxc6 Rxb3+ 44. f3 Kg7 45. Rxa6 Ra3 46. g5 Ra2 47. Kf4 Ra1 48. a5 Ra3 49. Ke4 Ra4+ 50. Ke5 Ra1 51. Ra7 Rg1 52. Kf4 Ra1 53. Ke5 Rg1 54. f4 Re1+ 55. Kd5 Rf1 56. Kc6 Rxf4 57. Rd7 Ra4 58. Kb6 Rb4+ 59. Kc5 Ra4 60. Kb5 Ra1 61. a6 Rb1+ 62. Kc6 Rc1+ 63. Kb7 Rb1+ 64. Kc7 Ra1 65. Kb7 Rb1+ 66. Kc8 1-0

[Event "HUN-chT2 Asztalos 1112"]
[Site "Hungary"]
[Date "2011.11.27"]
[Round "4.5"]
[White "Figler, Janos"]
[Black "Forgacs, Laszlo"]
[Result "1-0"]
[WhiteElo "1995"]
[BlackElo "1592"]
[PlyCount "93"]
[EventDate "2011.09.25"]
[EventType "team-tourn"]
[EventRounds "11"]
[EventCountry "HUN"]
[SourceTitle "EXT 2013"]
[Source "ChessBase"]
[SourceDate "2012.11.22"]
[SourceVersion "1"]
[SourceVersionDate "2012.11.22"]
[SourceQuality "1"]
[WhiteTeam "Dombovar"]
[BlackTeam "Mohacs"]
[WhiteTeamCountry "HUN"]
[BlackTeamCountry "HUN"]

1. e4 c5 2. c4 Nc6 3. Nc3 d6 4. d3 g6 5. g3 Bg7 6. Bg2 Nf6 7. Nge2 0-0 8. 0-0 Bg4 9. h3 Bxe2 10. Nxe2 e5 11. f4 Qb6 12. f5 Nd7 13. g4 a6 14. a3 Qc7 15. Qe1 b5 16. cxb5 axb5 17. Qh4 Qd8 18. Bg5 Bf6 19. Bxf6 Qxf6 20. g5 Qh8 21. f6 Ra7 22. Qg4 Nd4 23. Nxd4 exd4 24. h4 Ne5 25. Qg3 h5 26. b4 c4 27. dxc4 bxc4 28. Qf2 Kh7 29. Qxd4 Rfa8 30. Qxd6 Qe8 31. Rfb1 Rxa3 32. Rxa3 Rxa3 33. b5 Rd3 34. Qe7 Qb8 35. b6 Rd7 36. Qc5 Rb7 37. Rb5 Nd7 38. Qxc4 Nxb6 39. Qb3 Qa7 40. Kh2 Qb8+ 41. e5 Ra7 42. Rxb6 Qxe5+ 43. Qg3 Qc5 44. Qd6 Qf2 45. Rb4 Ra3 46. Qf4 Qa2 47. Qc4 1-0

[Event "HUN-chT2 Asztalos 0910"]
[Site "Hungary"]
[Date "2010.02.14"]
[Round "6"]
[White "Gyorke, Zoltan"]
[Black "Figler, Janos"]
[Result "0-1"]
[WhiteElo "2121"]
[BlackElo "2039"]
[PlyCount "84"]
[EventDate "2009.11.08"]
[EventType "team-tourn"]
[EventRounds "11"]
[EventCountry "HUN"]
[SourceTitle "EXT 2011"]
[Source "ChessBase"]
[SourceDate "2010.11.26"]
[SourceVersion "1"]
[SourceVersionDate "2010.11.26"]
[SourceQuality "1"]
[WhiteTeam "Komlo"]
[BlackTeam "Dombovar"]
[WhiteTeamCountry "HUN"]
[BlackTeamCountry "HUN"]

1. d4 f5 2. c4 Nf6 3. Nc3 g6 4. Nf3 Bg7 5. Bg5 0-0 6. Qd2 d6 7. Bh6 c6 8. Bxg7 Kxg7 9. h4 h5 10. g3 b5 11. cxb5 cxb5 12. Bg2 b4 13. Na4 Ne4 14. Qxb4 Nc6 15. Qb5 Bd7 16. 0-0 Nxd4 17. Qc4 Nxe2+ 18. Qxe2 Bxa4 19. Ng5 Qd7 20. Nxe4 Bb5 21. Qe3 Bxf1 22. Rxf1 fxe4 23. Qxe4 Rab8 24. b3 e5 25. Qd5 Rbd8 26. Kh2 Qf7 27. Qe4 Qf6 28. Qd5 Rf7 29. b4 Rc7 30. a4 Rc2 31. Kg1 Rdc8 32. b5 Rc1 33. Rxc1 Rxc1+ 34. Kh2 Rc2 35. a5 Qxf2 36. Qb7+ Qf7 37. Qe4 Rb2 38. b6 axb6 39. a6 Qa2 40. Qb7+ Kh6 41. Kh3 Rxg2 42. Qxg2 Qxa6 0-1

[Event "HUN-chT2 Asztalos 0809"]
[Site "Hungary"]
[Date "2009.01.11"]
[Round "5"]
[White "Drinoczi, Peter"]
[Black "Figler, Janos"]
[Result "1/2-1/2"]
[WhiteElo "2080"]
[BlackElo "2039"]
[PlyCount "75"]
[EventDate "2008.10.26"]
[EventType "team-tourn"]
[EventRounds "11"]
[EventCountry "HUN"]
[SourceTitle "EXT 2010"]
[Source "ChessBase"]
[SourceDate "2010.11.25"]
[SourceVersion "1"]
[SourceVersionDate "2010.11.25"]
[SourceQuality "1"]
[WhiteTeam "Pannonpower II"]
[BlackTeam "Dombovar"]
[WhiteTeamCountry "HUN"]
[BlackTeamCountry "HUN"]

1. e4 c5 2. Nf3 Nc6 3. Nc3 d6 4. d4 cxd4 5. Nxd4 e5 6. Nb3 Nf6 7. f3 d5 8. exd5 Nb4 9. Bg5 Be7 10. Bxf6 Bxf6 11. a3 Na6 12. Bxa6 bxa6 13. 0-0 0-0 14. Ne4 Qb6+ 15. Kh1 Bd7 16. Nbc5 Bb5 17. Re1 Bh4 18. b4 Bxe1 19. Qxe1 Rfd8 20. Nd2 Rxd5 21. c4 Rxd2 22. Qxd2 Bxc4 23. Qc3 Be6 24. Qxe5 Rd8 25. Re1 Qd6 26. Qxd6 Rxd6 27. h3 Kf8 28. Kh2 Bc4 29. g4 f6 30. Kg3 Kf7 31. Rc1 Be2 32. Rc3 g5 33. f4 h6 34. f5 h5 35. Ne6 Rd3+ 36. Rxd3 Bxd3 37. Nc5 h4+ 38. Kf2 1/2-1/2

[Event "HUN-chT2 Asztalos 0809"]
[Site "Hungary"]
[Date "2008.11.30"]
[Round "3"]
[White "Figler, Janos"]
[Black "Osztobanyi, Zoltan"]
[Result "0-1"]
[WhiteElo "2039"]
[BlackElo "2153"]
[PlyCount "70"]
[EventDate "2008.10.26"]
[EventType "team-tourn"]
[EventRounds "11"]
[EventCountry "HUN"]
[SourceTitle "EXT 2010"]
[Source "ChessBase"]
[SourceDate "2010.11.25"]
[SourceVersion "1"]
[SourceVersionDate "2010.11.25"]
[SourceQuality "1"]
[WhiteTeam "Dombovar"]
[BlackTeam "Dunaujvaros"]
[WhiteTeamCountry "HUN"]
[BlackTeamCountry "HUN"]

1. e4 c5 2. Nf3 d6 3. d4 cxd4 4. Nxd4 Nf6 5. Nc3 a6 6. Be2 e5 7. Nb3 Be6 8. Bg5 Be7 9. Bxf6 Bxf6 10. Nd5 Bg5 11. 0-0 0-0 12. Bg4 Nd7 13. g3 Bxd5 14. exd5 f5 15. Bh3 Rc8 16. c3 Qf6 17. Qe2 Qh6 18. Bg2 Nf6 19. h4 Ng4 20. Bh3 Bxh4 21. gxh4 Qxh4 22. Qf3 Rc4 23. Qg3 Qh6 24. Na5 Rf4 25. f3 Ne3 26. Rf2 Rf6 27. Rh2 Rg6 28. Bg4 Qg5 29. Rh5 Qd8 30. Qh2 fxg4 31. Rxh7 gxf3+ 32. Kh1 Qxa5 33. Qh5 Rfg4 34. Rh8+ Kf7 35. Re1 Qxd5 0-1